Syntheses of Isoxazoline-Based Amino Acids by Cycloaddition of Nitrile Oxides and Their Conversion into Highly Functionalized Bioactive Amino Acid Derivatives

Elmentve itt :
Bibliográfiai részletek
Szerzők: Kiss Loránd
Nonn Melinda
Fülöp Ferenc
Dokumentumtípus: Cikk
Megjelent: 2012
Sorozat:Synthesis 44 No. 13
doi:10.1055/s-0031-1290373

mtmt:2046791
Online Access:http://publicatio.bibl.u-szeged.hu/2569
LEADER 00794nab a2200217 i 4500
001 publ2569
005 20180719091257.0
008 130220s2012 hu o 0|| zxx d
022 |a 0039-7881 
024 7 |a 10.1055/s-0031-1290373  |2 doi 
024 7 |a 2046791  |2 mtmt 
040 |a SZTE Publicatio Repozitórium  |b hun 
041 |a zxx 
100 1 |a Kiss Loránd 
245 1 0 |a Syntheses of Isoxazoline-Based Amino Acids by Cycloaddition of Nitrile Oxides and Their Conversion into Highly Functionalized Bioactive Amino Acid Derivatives  |h [elektronikus dokumentum] /  |c  Kiss Loránd 
260 |c 2012 
300 |a 1951-1963 
490 0 |a Synthesis  |v 44 No. 13 
700 0 1 |a Nonn Melinda  |e aut 
700 0 1 |a Fülöp Ferenc  |e aut 
856 4 0 |u http://publicatio.bibl.u-szeged.hu/2569/1/2046791.pdf  |z Dokumentum-elérés